Guidelines for laboratory design: Health and safety considerations. (Record no. 4275)

MARC details
005 - DATE AND TIME OF LATEST TRANSACTION
control field 20250618100302.0
020 ## - INTERNATIONAL STANDARD BOOK NUMBER
International Standard Book Number 0-471-89134-7
082 ## - DEWEY DECIMAL CLASSIFICATION NUMBER
Classification number LM 727.5 DIB
100 ## - MAIN ENTRY--PERSONAL NAME
Author name DIBERARDINIS, L. J.
245 ## - TITLE STATEMENT
Title Guidelines for laboratory design: Health and safety considerations.
260 ## - PUBLICATION, DISTRIBUTION, ETC.
Place of publication, distribution, etc. New York,
Name of publisher, distributor, etc. John Wiley & Sons,
Date of publication, distribution, etc. 1987.
300 ## - PHYSICAL DESCRIPTION
Extent ix, 285p.: ill.; figure, picture,
Other physical details Index,
Dimensions 23cm.
700 ## - ADDED ENTRY--PERSONAL NAME
Other authors/Editors BAUM, J. & FIRST, M. W. & GATWOOD, G. T. & GRODEN, E. SETH, A. K.
942 ## - ADDED ENTRY ELEMENTS (KOHA)
Source of classification or shelving scheme Dewey Decimal Classification
Koha item type Books
Holdings
Date last seen Total checkouts Full call number Barcode Cost, replacement price Price effective from Koha item type Lost status Source of classification or shelving scheme Damaged status Not for loan Withdrawn status Home library Current library Shelving location Date acquired Cost, normal purchase price
06/18/2025   LM 727.5 DIB 00000010941 30000.00 06/18/2025 Books   Dewey Decimal Classification       College of Business Education Main Library College of Business Education Main Library General Collection 07/24/1995 10000.00
06/18/2025   LM 727.5 DIB 00000010942 30000.00 06/18/2025 Books   Dewey Decimal Classification       College of Business Education Main Library College of Business Education Main Library General Collection 07/24/1995 10000.00